| 000 | 00711nam a2200241 u 4500 | ||
|---|---|---|---|
| 005 | 20250903063916.0 | ||
| 008 | 120912s2007 mx r 000 0 spa d | ||
| 020 | _a9707322179 (10 dígitos) | ||
| 020 | _a9789707322172 (13 dígitos) | ||
| 035 | _aUPN01000186540 | ||
| 049 | _aCG | ||
| 050 | 4 |
_aPQ7298.28 U9.2 _bA4.7 |
|
| 100 | 1 |
_aRuvalcaba, Eusebio, _d1951-2017 _932647 |
|
| 245 | 1 | 0 |
_aAl servicio de la música / _cEusebio Ruvalcaba. |
| 260 |
_aMéxico : _bLectorum, _c2007. |
||
| 300 | _a190 p. | ||
| 440 | 0 | _aMarea alta | |
| 650 | 4 |
_aCuentos mexicanos _96937 |
|
| 650 | 4 |
_aMUSICA EN LA LITERATURA _99692 |
|
| 650 | 4 |
_aLiteratura mexicana _ySiglo XXI _917492 |
|
| 905 | _aLibro | ||
| 999 |
_c158643 _d158643 |
||